Normal view MARC view
  • Nuclear nonproliferation

Entry Topical Term

Number of records used in: 1

001 - CONTROL NUMBER

  • control field: 96991

003 - CONTROL NUMBER IDENTIFIER

  • control field: NUST

005 - DATE AND TIME OF LATEST TRANSACTION

  • control field: 20220812123030.0

008 - FIXED-LENGTH DATA ELEMENTS

  • fixed length control field: 220812|| aca||aabn | a|a d

040 ## - CATALOGING SOURCE

  • Original cataloging agency: NUST
  • Transcribing agency: NUST

150 ## - HEADING--TOPICAL TERM

  • Topical term or geographic name entry element: Nuclear nonproliferation
  • Geographic subdivision: Korea (North)

670 ## - SOURCE DATA FOUND

  • Source citation: Work cat.: (NUST)0: Ford, Glyn, author. 96989, Talking to North Korea :
© 2023 Central Library, National University of Sciences and Technology. All Rights Reserved.